| 000 | 00411cam a22001217a 4500 | ||
|---|---|---|---|
| 008 | 180718b2010 xxu||||| |||| 00| 0 eng d | ||
| 082 | _aL1x5434 In2/2010 | ||
| 100 | _aIndia. Ministry of Finance. Department of Economic Affairs. Budget Division | ||
| 245 | _aBudget manual | ||
| 260 |
_aNew Delhi _bBudget Division, Department of Economic Affairs, Ministry of Finance _c2010 |
||
| 300 | _a216p. | ||
| 650 | _aBudget | ||
| 999 |
_c502501 _d502501 |
||